Catalog

Record Details

Catalog Search



Hitlerova odložená válka za zničení ČSR / Václav Kural, František Vašek

Record details

  • ISBN: 978-80-200-1657-7 (váz.)
  • Physical Description: 235 s. : mapy ; 21 cm
  • Edition: Vyd. 1.
  • Publisher: Praha : Academia, 2008

Content descriptions

Bibliography, etc. Note:
Obsahuje bibliografii a bibliografické odkazy
Subject: Mnichovská dohoda (1938)

Available copies

  • 1 of 1 copy available at Common Catalog SPOK.

Holds

  • 0 current holds with 1 total copy.
Show Only Available Copies
Location Call Number / Copy Notes Barcode Shelving Location Status Due Date
Terezin Initiative Institute 5737 4594305737 Knihovna ITI Available -

LDR 02511nam a2200673 a 4500
00127828
003CZ-PrJAB
00520230216101732.0
008080910s2008 xr b gr 000 0 cze
015 . ‡acnb001818791
020 . ‡a978-80-200-1657-7 (váz.)
035 . ‡a(CONS)2651
035 . ‡a(CZ PrSKC)nkc20081818791
035 . ‡a(OCoLC)276817000
040 . ‡aABA001 ‡bcze
080 . ‡a355.02 ‡2MRF
080 . ‡a355.43 ‡2MRF
080 . ‡a327 ‡2MRF
080 . ‡a355.40 ‡2MRF
080 . ‡a(=112.2) ‡2MRF
080 . ‡a327.88 ‡2MRF
080 . ‡a355.3 ‡2MRF
080 . ‡a355.45 ‡2MRF
080 . ‡a(430) ‡2MRF
080 . ‡a(437) ‡2MRF
080 . ‡a(048.8) ‡2MRF
1001 . ‡aKural, Václav, ‡d1928-2011 ‡7jn20000401547 ‡4aut
24510. ‡aHitlerova odložená válka za zničení ČSR / ‡cVáclav Kural, František Vašek
250 . ‡aVyd. 1.
260 . ‡aPraha : ‡bAcademia, ‡c2008
300 . ‡a235 s. : ‡bmapy ; ‡c21 cm
4901 . ‡aNovověk ; ‡vsv. 3
504 . ‡aObsahuje bibliografii a bibliografické odkazy
63007. ‡aMnichovská dohoda ‡d(1938) ‡7unn2007414778 ‡2czenas
7001 . ‡aVašek, František, ‡d1924-2008 ‡7pna2004259187 ‡4aut
830 0. ‡aNovověk
8524 . ‡bJACH-ITI ‡bJACH-ITI ‡cKnihovna ITI ‡j5737 ‡p5737 ‡y$0.00
910 . ‡aABE340 ‡b5737
9564 . ‡uhttp://toc.nkp.cz/NKC/200810/contents/nkc20081818791_1.pdf ‡yObsah ‡4N
995 . ‡askok
901 . ‡a27828 ‡bISxN ‡c27828 ‡tbiblio

Additional Resources